Ma este a mozgó szinházban...

Správa o filmovom predstavení v Humennom [23.01.1914] prostredníctvom premietača Dezidera (Dezső) Dubba. Program: Výzva na čin (dráma v dvoch dejstvách) + krátke filmy (ich názvy).

Podrobná bibliografia
Médium: Článok
Jazyk:Hungarian
Témy:
Zdroj: 1. Homonna és Vidéke : Hetilap 1. Roč. 14, č. 4 (23.01.1914) s. 2
LEADER 00944nab#a2200301#ar4500
001 000072279
003 SVKKK
005 20020607xxxxxxx.
008 06 c xo huno
FMT
038 |a SVKKK 
040 |a SVKKK  |b slo  |e AACR2 
041 0 |a hun 
044 |a xo  |c SK 
080 |a 77 
242 1 0 |a Dnes večer v kine... 
245 0 0 |a Ma este a mozgó szinházban... 
500 |a mikrofilm 
520 2 |a Správa o filmovom predstavení v Humennom [23.01.1914] prostredníctvom premietača Dezidera (Dezső) Dubba. Program: Výzva na čin (dráma v dvoch dejstvách) + krátke filmy (ich názvy). 
650 0 4 |a predstavenia filmové - Dubb, Dezider (premietač) - program - Humenné - [23.01.1914] - správy 
773 0 |t Homonna és Vidéke : Hetilap  |g Roč. 14, č. 4 (23.01.1914) s. 2 
957 |a Humenné 
958 |a DG 
958 |a SK 
974 |a Ba  |d 20020607 
992 |a RBX 
BAS
998 |a RETRO